Statistics for Name The Animals In 60 Seconds Quiz

Click here to take the quiz!

General Stats

  • This quiz has been taken 47 times
  • The average score is 8 of 12

Answer Stats

Answer% Correct
Dog
98%
Cat
95%
Elephant
95%
Giraffe
93%
Zebra
93%
Kangaroo
88%
Koala
85%
Polar Bear
70%
Grizzly Bear
45%
Opossum
33%
Wombat
30%
Caiman
15%

Score Distribution

Percentile by Number Answered

Percent of People with Each Score

Your Score History

You have not taken this quiz